Identity formation and self identity among the Harijan elite (Record no. 14998)

MARC details
000 -LEADER
fixed length control field 00304nam a2200121Ia 4500
082 ## - DEWEY DECIMAL CLASSIFICATION NUMBER
Classification number RK.0147
100 ## - MAIN ENTRY--AUTHOR NAME
Personal name Khan, Mumtaj Ali
245 #0 - TITLE STATEMENT
Title Identity formation and self identity among the Harijan elite
260 ## - PUBLICATION, DISTRIBUTION, ETC. (IMPRINT)
Year of publication 1982
300 ## - PHYSICAL DESCRIPTION
Number of Pages 373p.
942 ## - ADDED ENTRY ELEMENTS (KOHA)
Koha item type Books
Holdings
Withdrawn status Lost status Damaged status Not for loan Collection code Home library Current library Date acquired Bill Date Full call number Accession Number Price effective from Koha item type
      Not For Loan ICSSR Research Project Reports NASSDOC Library NASSDOC Library 08/10/2004 2008-12-30 RK.0147 31393 18/04/2019 Research Reports